| 000 | 00558cam a22001815a 4500 | ||
|---|---|---|---|
| 001 | L157524 | ||
| 008 | 130109s1928 xxk f 000 0 eng d | ||
| 035 | _a(Sirsi) u157524 | ||
| 041 | 0 | _aeng | |
| 100 | 1 | _aHenderson, J. Scott | |
| 245 | 0 | 0 | _aRating relief simply explained |
| 260 |
_aLondon _bRating and Income Tax _c[1928] |
||
| 300 |
_a45p. _c22cm. |
||
| 520 | _aDescribes the type pf premises which are open to relief, and the process of obtaining such relief. | ||
| 651 | 4 |
_aEngland and Wales _y1543- |
|
| 690 | _aFinance and taxation | ||
| 942 | _n0 | ||
| 999 |
_c114820 _d114820 |
||